[Event "Titled Tuesday intern op 05th Dec Late"]
[Site "Chess.com INT"]
[Date "2023.12.05"]
[Round "9"]
[White "Biliy, Vadim"]
[Black "Martine, Jean Christophe"]
[Result "1-0"]
[WhiteElo "2311"]
[BlackElo "1995"]
[PlyCount "165"]
[EventDate "2023.12.05"]
[EventType "swiss (blitz)"]
[EventRounds "11"]
[EventCountry "USA"]
[SourceTitle "EXT 2025"]
[Source "ChessBase"]
[SourceDate "2024.10.14"]
[SourceVersion "1"]
[SourceVersionDate "2024.10.14"]
[SourceQuality "1"]

1. d4 d6 2. Nf3 Nf6 3. e3 Nbd7 4. Nc3 e5 5. dxe5 dxe5 6. e4 Bc5 7. Bc4 0-0 8. 0-0 c6 9. Bg5 b5 10. Bb3 a5 11. a3 Qe7 12. Nh4 Nb6 13. Qf3 h6 14. Bxf6 Qxf6 15. Qxf6 gxf6 16. Ne2 Be6 17. Ng3 Bxb3 18. cxb3 Bd4 19. Rab1 c5 20. Nhf5 Kh7 21. h4 Rfd8 22. h5 Nc8 23. Rfc1 Nd6 24. Nxd6 Rxd6 25. Nf5 Rd7 26. Kf1 Rad8 27. Ke2 Rc8 28. Rc2 c4 29. Rbc1 Rc6 30. bxc4 b4 31. axb4 axb4 32. b3 Ra7 33. Nxd4 exd4 34. Rd1 Ra3 35. Rxd4 Rxb3 36. c5 Rb1 37. Rd6 b3 38. Rc3 Rc8 39. Rb6 b2 40. Rc2 Kg7 41. g4 Kf8 42. Kf3 Ke7 43. c6 Rc7 44. Rb7 Kd6 45. Rbxb2 Rxb2 46. Rxb2 Rxc6 47. Rb7 Ke6 48. Kf4 Rc2 49. f3 Rc8 50. Ra7 Rg8 51. Ra6+ Ke7 52. Ra7+ Ke6 53. Ra6+ Ke7 54. Ra4 Rc8 55. Ra7+ Kf8 56. Kf5 Kg7 57. Ra6 Rc5+ 58. Kf4 Rb5 59. Rc6 Ra5 60. Rc8 Ra6 61. Re8 Ra5 62. e5 fxe5+ 63. Rxe5 Ra4+ 64. Kf5 Ra3 65. f4 Ra6 66. Rc5 Ra4 67. g5 hxg5 68. fxg5 Ra1 69. h6+ Kh7 70. Kf6 Rf1+ 71. Rf5 Ra1 72. Kxf7 Ra7+ 73. Kf6 Ra6+ 74. Ke5 Ra5+ 75. Kf4 Ra4+ 76. Kf3 Ra3+ 77. Kg4 Ra4+ 78. Kh5 Ra1 79. g6+ Kg8 80. h7+ Kg7 81. Rf7+ Kh8 82. Rf8+ Kg7 83. h8Q# 1-0

[Event "Titled Tuesday intern op 05th Dec Late"]
[Site "Chess.com INT"]
[Date "2023.12.05"]
[Round "8"]
[White "Biliy, Vadim"]
[Black "Panuganti, Kireet V"]
[Result "1/2-1/2"]
[WhiteElo "2311"]
[BlackElo "1960"]
[PlyCount "49"]
[EventDate "2023.12.05"]
[EventType "swiss (blitz)"]
[EventRounds "11"]
[EventCountry "USA"]
[SourceTitle "EXT 2025"]
[Source "ChessBase"]
[SourceDate "2024.10.14"]
[SourceVersion "1"]
[SourceVersionDate "2024.10.14"]
[SourceQuality "1"]

1. d4 Nf6 2. Nf3 e6 3. e3 Be7 4. Be2 b6 5. 0-0 Bb7 6. c4 c5 7. Nc3 0-0 8. b3 cxd4 9. Nxd4 a6 10. Bb2 d6 11. Rc1 Nbd7 12. g4 Ne4 13. f3 Nxc3 14. Bxc3 Re8 15. f4 Bf8 16. g5 e5 17. Nf5 exf4 18. exf4 Nc5 19. Qd4 Ne6 20. Nh6+ Kh8 21. Nxf7+ Kg8 22. Nh6+ Kh8 23. Nf7+ Kg8 24. Nh6+ Kh8 25. Nf7+ 1/2-1/2

[Event "Brno op 12th"]
[Site "Brno"]
[Date "2023.11.11"]
[Round "1"]
[White "Biliy, Vadim"]
[Black "Syzdyk, Samir"]
[Result "0-1"]
[WhiteElo "2331"]
[BlackElo "1639"]
[PlyCount "86"]
[EventDate "2023.11.11"]
[EventType "swiss"]
[EventRounds "9"]
[EventCountry "CZE"]
[SourceTitle "CBM 217 Extra"]
[Source "ChessBase"]
[SourceDate "2024.01.31"]
[SourceVersion "1"]
[SourceVersionDate "2024.01.31"]
[SourceQuality "1"]

1. d4 Nf6 2. Nf3 e6 3. e3 b6 4. Be2 Bb7 5. 0-0 Be7 6. c4 0-0 7. Nc3 d5 8. b3 c5 9. dxc5 bxc5 10. cxd5 exd5 11. Bb2 Nbd7 12. Rc1 Rc8 13. Rc2 Nb6 14. Rd2 a6 15. Qa1 Qc7 16. Rfd1 Rfd8 17. Nh4 Bf8 18. Bf3 Ne4 19. Nxe4 dxe4 20. Be5 Qe7 21. Nf5 Qg5 22. Rxd8 exf3 23. Rxf8+ Rxf8 24. Ng3 fxg2 25. e4 f6 26. Bc7 Nc8 27. Rd7 Bc6 28. Rd3 Re8 29. Qc3 h5 30. Qc4+ Kh7 31. Re3 Ne7 32. Bd6 Ng6 33. Qxc5 Qxc5 34. Bxc5 h4 35. Nf5 Rxe4 36. h3 Nf4 37. Kh2 Ne2 38. Rxe2 Rxe2 39. Nxh4 Rxa2 40. b4 Rc2 41. Nxg2 a5 42. Ne1 Rc4 43. Nd3 axb4 0-1

[Event "Titled Tuesday intern op 25th Jul Late"]
[Site "Chess.com INT"]
[Date "2023.07.25"]
[Round "7"]
[White "Floresvillar Gonzalez, Luis Miguel"]
[Black "Biliy, Vadim"]
[Result "0-1"]
[WhiteElo "2019"]
[BlackElo "2331"]
[PlyCount "60"]
[EventDate "2023.07.25"]
[EventType "swiss (blitz)"]
[EventRounds "11"]
[EventCountry "USA"]
[SourceTitle "EXT 2024"]
[Source "ChessBase"]
[SourceDate "2023.10.10"]
[SourceVersion "1"]
[SourceVersionDate "2023.10.10"]
[SourceQuality "1"]

1. e4 d6 2. Nf3 Nf6 3. Nc3 g6 4. Bc4 Bg7 5. d3 0-0 6. Bg5 c6 7. Bb3 Nbd7 8. Qd2 Nc5 9. Bh6 Nxb3 10. axb3 e5 11. h3 Qe7 12. g4 a6 13. Na4 Qc7 14. Qe3 Be6 15. Nb6 Rad8 16. Nc4 Rfe8 17. Bxg7 Kxg7 18. Qg5 h6 19. Qh4 Bxc4 20. bxc4 d5 21. g5 hxg5 22. Nxg5 dxc4 23. dxc4 Qb6 24. b3 Qb4+ 25. Kf1 Qd2 26. Kg2 Rh8 27. Qg3 Qf4 28. Qxf4 exf4 29. Rad1 Rhe8 30. f3 Nh5 0-1

[Event "Titled Tuesday intern op 19th Jan"]
[Site "Chess.com INT"]
[Date "2021.01.19"]
[Round "5"]
[White "Freitag, Manfred"]
[Black "Biliy, Vadim"]
[Result "1-0"]
[WhiteElo "2356"]
[BlackElo "2331"]
[PlyCount "95"]
[EventDate "2021.01.19"]
[EventType "swiss (blitz)"]
[EventRounds "11"]
[EventCountry "USA"]
[SourceTitle "CBM 200 Extra"]
[Source "ChessBase"]
[SourceDate "2021.03.31"]
[SourceVersion "1"]
[SourceVersionDate "2021.03.31"]
[SourceQuality "1"]

1. d4 d5 2. c4 e6 3. Nf3 Nf6 4. g3 Be7 5. Bg2 0-0 6. 0-0 dxc4 7. Ne5 Qd6 8. Nxc4 Qa6 9. b3 Rd8 10. e3 c5 11. Bb2 cxd4 12. exd4 Nc6 13. Re1 Nb4 14. Nc3 Nbd5 15. Nxd5 Nxd5 16. Ne3 Nxe3 17. fxe3 Bd7 18. Qh5 g6 19. Qh6 Bf8 20. Qf4 Bg7 21. Rf1 Rf8 22. Qc7 Bc6 23. Bxc6 Qxc6 24. Qxc6 bxc6 25. Rac1 Rfc8 26. Rc4 c5 27. Rfc1 a5 28. Rxc5 Rcb8 29. Bc3 a4 30. b4 Bf8 31. Rc4 a3 32. Kf2 Ra4 33. Rb1 Bd6 34. Ke2 Kf8 35. Kd3 Ke7 36. e4 Kd7 37. e5 Be7 38. b5 Rxc4 39. Kxc4 Rc8+ 40. Kd3 f6 41. Bb4 Bxb4 42. Rxb4 fxe5 43. dxe5 Rc5 44. b6 Kc8 45. Rc4 Rxc4 46. Kxc4 Kb7 47. Kc5 g5 48. g4 1-0

[Event "Titled Tuesday intern op 4th Aug 2pm"]
[Site "Chess.com INT"]
[Date "2020.08.04"]
[Round "4"]
[White "Biliy, Vadim"]
[Black "Frattini, Beatriz Maria"]
[Result "1-0"]
[WhiteElo "2331"]
[BlackElo "1868"]
[PlyCount "95"]
[EventDate "2020.08.04"]
[EventType "swiss (blitz)"]
[EventRounds "10"]
[EventCountry "USA"]
[SourceTitle "CBM 197 Extra"]
[Source "ChessBase"]
[SourceDate "2020.09.30"]
[SourceVersion "1"]
[SourceVersionDate "2020.09.30"]
[SourceQuality "1"]

1. d4 Nf6 2. Nf3 g6 3. e3 Bg7 4. Be2 d6 5. 0-0 0-0 6. b4 Nbd7 7. Bb2 c5 8. bxc5 dxc5 9. c3 b6 10. Nbd2 Bb7 11. a4 Qc7 12. a5 bxa5 13. Qa4 Rab8 14. Rfb1 cxd4 15. cxd4 Rfc8 16. h3 e6 17. Bd3 Bxf3 18. Nxf3 Nd5 19. Qxa5 Rb3 20. Qd2 Rcb8 21. Ba3 Rxb1+ 22. Rxb1 Rxb1+ 23. Bxb1 Qb6 24. Bd3 Bf8 25. Bxf8 Nxf8 26. Ne5 Nb4 27. Be4 Nd5 28. Bxd5 exd5 29. Qa2 Qb7 30. g4 Nd7 31. Nd3 Qb5 32. Qxa7 Qb1+ 33. Kg2 Qxd3 34. Qxd7 Qe4+ 35. Kh2 Kg7 36. Qd6 Qc2 37. Qe5+ Kg8 38. Kg2 Qc4 39. Kg3 h6 40. h4 Qa2 41. h5 gxh5 42. gxh5 Qb3 43. Kg4 Qc2 44. Qf4 Qd2 45. f3 Qg2+ 46. Kf5 Qg7 47. Qg4 Qxg4+ 48. fxg4 1-0